Name That Writer - Statistics

General Stats
  • This quiz has been taken 38 times
  • The average score is 10 of 20
Answer Stats
Picture Answer % Correct
Mark Twain
93%
J.K. Rowling
82%
Stephen King
82%
Jane Austen
79%
Salman Rushdie
71%
Virginia Woolf
68%
Charlotte Bronte
61%
Leo Tolstoy
61%
George Orwell
57%
George R.R. Martin
57%
Margaret Atwood
54%
Gabriel Garcia Marquez
43%
Maya Angelou
43%
Haruki Murakami
39%
Toni Morrison
39%
Roald Dahl
32%
Zadie Smith
25%
Jules Verne
18%
J.M. Coetzee
14%
Anne Rice
11%
No matching quizzes found
Score Distribution
Percent of People with Each Score
Percentile by Number Answered
Your Score History
You have not taken this quiz